My cross: (Record no. 14180)

000 -LEADER
fixed length control field 00587nam a2200181 a 4500
001 - CONTROL NUMBER
control field :::00012004$&:&@@
003 - CONTROL NUMBER IDENTIFIER
control field OkBaRHE
005 - DATE AND TIME OF LATEST TRANSACTION
control field 20000607103415.0
008 - FIXED-LENGTH DATA ELEMENTS--GENERAL INFORMATION
fixed length control field j 000 0 eng u
040 ## - CATALOGING SOURCE
Transcribing agency
100 1# - MAIN ENTRY--PERSONAL NAME
Personal name Allen, A.A. (Asa Alonza), 1911-1970
245 10 - TITLE STATEMENT
Title My cross:
Remainder of title the life story of A.A. Allen.
260 ## - PUBLICATION, DISTRIBUTION, ETC. (IMPRINT)
Place of publication, distribution, etc Dallas, TX.,
Name of publisher, distributor, etc A.A. Allen Revivals Inc.
Date of publication, distribution, etc nd
300 ## - PHYSICAL DESCRIPTION
Extent 95 p. ;
Dimensions 19 cm.
650 ## - SUBJECT ADDED ENTRY--TOPICAL TERM
Topical term or geographic name as entry element Allen, A.A. (Asa Alonza) 1911-1970
942 ## - ADDED ENTRY ELEMENTS (KOHA)
Source of classification or shelving scheme
Koha item type Books
Copies
Date acquired Full call number Permanent Location Source of classification or shelving scheme Barcode Date checked out Koha item type Total Renewals Damaged status Withdrawn status Total Checkouts Current Location Shelving location Date last seen Price effective from Lost status Copy number Not for loan
2010-04-14BX 8764 .Z6A4RHEMA Bible Training College 120042016-12-06Books1  1RHEMA Bible Training CollegeGeneral Stacks2017-01-032010-04-14 1